000 01022nam a22003137a 4500
001 000640
003 DO-SdBPM
005 20260319123913.0
007 ta
008 161104b 2008 mx a ||||| |||| 00| 0 spa d
020 _a9789705803185
040 _aDO-SdBPM
_bspa
_cBPMSU
_erda
082 0 4 _aA862.6
_bL318p 2008
_222
100 1 _aLaragione, Lucía
_d1946-
_eautor
_4aut.
245 1 0 _aPalabristas /
_cLucía Laragione ; ilustraciones de Carlos O'Connor.
264 _aMéxico :
_bAlfaguara,
_c2008
300 _a94, páginas :
_bilustraciones ;
_c19 cm.
336 _atexto
_btxt
_2rdacontent
337 _asin mediación
_bn
_2rdamedia
338 _avolumen
_bnc
_2rdacarrier
490 0 _aAlfaguara infantil
500 _aPara niños a partir de los 10 años.
504 _aBibliografía : páginas [95]
590 _aInventariado, 2026/VM
650 7 _aTeatro juvenil argentino
700 1 _aO'Connor, Carlos,
_eilustración
910 _aVMateo V. Control de calidad. BPMSU
942 _2ddc
_cBK
999 _c11782
_d11782